<?xml version="1.0" encoding="UTF-8"?>
<record
    xmlns:xsi="http://www.w3.org/2001/XMLSchema-instance"
    xsi:schemaLocation="http://www.loc.gov/MARC21/slim http://www.loc.gov/standards/marcxml/schema/MARC21slim.xsd"
    xmlns="http://www.loc.gov/MARC21/slim">

  <leader>00875nam a2200229Ia 4500</leader>
  <controlfield tag="008">240619s9999    xx            000 0 und d</controlfield>
  <datafield tag="020" ind1=" " ind2=" ">
    <subfield code="a">978-99929-0-732-0</subfield>
  </datafield>
  <datafield tag="035" ind1=" " ind2=" ">
    <subfield code="a">1905</subfield>
  </datafield>
  <datafield tag="040" ind1=" " ind2=" ">
    <subfield code="a">GS0142000</subfield>
    <subfield code="b">mon</subfield>
    <subfield code="c">MN-UlNLM</subfield>
    <subfield code="d">MN-UlNLM</subfield>
    <subfield code="e">rda</subfield>
  </datafield>
  <datafield tag="041" ind1=" " ind2=" ">
    <subfield code="a">mon</subfield>
  </datafield>
  <datafield tag="042" ind1=" " ind2=" ">
    <subfield code="a">2746</subfield>
  </datafield>
  <datafield tag="084" ind1=" " ind2=" ">
    <subfield code="2">NNA</subfield>
    <subfield code="a">84(4&#x424;&#x440;&#x430;&#x43D;&#x446;)44</subfield>
    <subfield code="b">&#x414;-393</subfield>
  </datafield>
  <datafield tag="100" ind1=" " ind2=" ">
    <subfield code="a">&#x414;&#x435;&#x444;&#x43E; &#x414;&#x430;&#x43D;&#x438;&#x44D;&#x43B;&#x44C;</subfield>
  </datafield>
  <datafield tag="245" ind1=" " ind2="0">
    <subfield code="a">&#x420;&#x43E;&#x431;&#x438;&#x43D;&#x437;&#x43E;&#x43D; &#x43A;&#x440;&#x443;&#x437;&#x43E;</subfield>
  </datafield>
  <datafield tag="264" ind1=" " ind2=" ">
    <subfield code="a">&#x423;&#x43B;&#x430;&#x430;&#x43D;&#x431;&#x430;&#x430;&#x442;&#x430;&#x440;</subfield>
    <subfield code="b">&#x41C;&#x43E;&#x43D;&#x441;&#x443;&#x434;&#x430;&#x440;</subfield>
    <subfield code="c">2009</subfield>
  </datafield>
  <datafield tag="300" ind1=" " ind2=" ">
    <subfield code="a">206&#x445;.</subfield>
  </datafield>
  <datafield tag="336" ind1=" " ind2=" ">
    <subfield code="2">rdacontent</subfield>
    <subfield code="a">text</subfield>
    <subfield code="b">txt</subfield>
  </datafield>
  <datafield tag="337" ind1=" " ind2=" ">
    <subfield code="2">rdamedia</subfield>
    <subfield code="a">unmediated</subfield>
    <subfield code="b">n</subfield>
  </datafield>
  <datafield tag="338" ind1=" " ind2=" ">
    <subfield code="2">rdacarrier</subfield>
    <subfield code="a">volume</subfield>
    <subfield code="b">nc</subfield>
  </datafield>
  <datafield tag="650" ind1=" " ind2=" ">
    <subfield code="a">&#x422;&#x44D;&#x43D;&#x433;&#x438;&#x441; &#x434;&#x44D;&#x44D;&#x440;&#x445; &#x430;&#x43D;&#x445;&#x43D;&#x44B; &#x442;&#x43E;&#x445;&#x438;&#x43E;&#x43B;&#x434;&#x43E;&#x43B;, &#x417;&#x44D;&#x440;&#x43B;&#x44D;&#x433; &#x445;&#x4AF;&#x43C;&#x4AF;&#x4AF;&#x441;&#x442;&#x44D;&#x439; &#x443;&#x443;&#x43B;&#x437;&#x441;&#x430;&#x43D; &#x43D;&#x44C;  &#x425;&#x4E9;&#x43B;&#x4E9;&#x433; &#x43D;&#x44C; &#x441;&#x4AF;&#x439;&#x440;&#x441;&#x44D;&#x43D; &#x420;&#x43E;&#x431;&#x438;&#x43D;&#x437;&#x43E;&#x43D; &#x44D;&#x437;&#x433;&#x4AF;&#x439; &#x430;&#x440;&#x430;&#x43B; &#x434;&#x44D;&#x44D;&#x440; &#x445;&#x430;&#x44F;&#x433;&#x434;&#x430;&#x436; &#x438;&#x445;&#x44D;&#x44D;&#x445;&#x44D;&#x43D; &#x445;&#x4AF;&#x43D;&#x434; &#x445;&#x44D;&#x446;&#x4AF;&#x4AF; ...</subfield>
  </datafield>
  <datafield tag="942" ind1=" " ind2=" ">
    <subfield code="2">NNA</subfield>
    <subfield code="c">BK</subfield>
  </datafield>
  <datafield tag="952" ind1=" " ind2=" ">
    <subfield code="0">0</subfield>
    <subfield code="1">0</subfield>
    <subfield code="4">0</subfield>
    <subfield code="6">844&#x424;&#x420;&#x410;&#x41D;&#x426;44_&#x414;393</subfield>
    <subfield code="7">0</subfield>
    <subfield code="8">GS0141</subfield>
    <subfield code="a">GS0142000</subfield>
    <subfield code="b">GS0142000</subfield>
    <subfield code="c">GS0141</subfield>
    <subfield code="d">2024-06-19</subfield>
    <subfield code="g">10000.00</subfield>
    <subfield code="l">0</subfield>
    <subfield code="o">84(4&#x424;&#x440;&#x430;&#x43D;&#x446;)44  &#x414;-393</subfield>
    <subfield code="p">GS0141905-1</subfield>
    <subfield code="r">2024-06-19</subfield>
    <subfield code="t">3588</subfield>
    <subfield code="y">BK</subfield>
  </datafield>
  <datafield tag="952" ind1=" " ind2=" ">
    <subfield code="0">0</subfield>
    <subfield code="1">0</subfield>
    <subfield code="4">0</subfield>
    <subfield code="6">844&#x424;&#x420;&#x410;&#x41D;&#x426;44_&#x414;393</subfield>
    <subfield code="7">0</subfield>
    <subfield code="8">GS0141</subfield>
    <subfield code="a">GS0142000</subfield>
    <subfield code="b">GS0142000</subfield>
    <subfield code="c">GS0141</subfield>
    <subfield code="d">2024-06-19</subfield>
    <subfield code="g">13900.00</subfield>
    <subfield code="l">0</subfield>
    <subfield code="o">84(4&#x424;&#x440;&#x430;&#x43D;&#x446;)44  &#x414;-393</subfield>
    <subfield code="p">GS0141905-1-2</subfield>
    <subfield code="r">2024-06-19</subfield>
    <subfield code="t">11756</subfield>
    <subfield code="y">BK</subfield>
  </datafield>
  <datafield tag="952" ind1=" " ind2=" ">
    <subfield code="0">0</subfield>
    <subfield code="1">0</subfield>
    <subfield code="4">0</subfield>
    <subfield code="6">844&#x424;&#x420;&#x410;&#x41D;&#x426;44_&#x414;393</subfield>
    <subfield code="7">0</subfield>
    <subfield code="8">GS0141</subfield>
    <subfield code="a">GS0142000</subfield>
    <subfield code="b">GS0142000</subfield>
    <subfield code="c">GS0141</subfield>
    <subfield code="d">2024-06-19</subfield>
    <subfield code="g">20000.00</subfield>
    <subfield code="l">0</subfield>
    <subfield code="o">84(4&#x424;&#x440;&#x430;&#x43D;&#x446;)44  &#x414;-393</subfield>
    <subfield code="p">GS0141905-1-3</subfield>
    <subfield code="r">2024-06-19</subfield>
    <subfield code="t">11460</subfield>
    <subfield code="y">BK</subfield>
  </datafield>
  <datafield tag="999" ind1=" " ind2=" ">
    <subfield code="c">897200</subfield>
    <subfield code="d">897257</subfield>
  </datafield>
</record>
